| Tag |
First Indicator |
Second Indicator |
Subfields |
| LEADER |
00000cam a2200000 a 4500 |
| 001 |
in00000017920 |
| 005 |
20151007053110.0 |
| 008 |
850904s1987 maua b 00110 eng |
| 010 |
|
|
|a 85020107
|
| 020 |
|
|
|a 0201108062 :
|c $48.95 (est.)
|
| 035 |
|
|
|a (OCoLC)12613421
|
| 035 |
|
|
|9 AAB0398AM
|
| 040 |
|
|
|a DLC
|c DLC
|d TXA
|d UtOrBLW
|
| 049 |
|
|
|a TXAM
|c [A11057863]
|
| 050 |
0 |
0 |
|a TA347.F5
|b B87 1987
|
| 082 |
0 |
|
|a 620/.001/515353
|2 19
|
| 100 |
1 |
|
|a Burnett, David S.
|
| 245 |
1 |
0 |
|a Finite element analysis :
|b from concepts to applications /
|c David S. Burnett.
|
| 264 |
|
1 |
|a Reading, Mass. :
|b Addison-Wesley Pub. Co.,
|c [1987]
|
| 264 |
|
4 |
|c ©1987
|
| 300 |
|
|
|a xix, 844 pages :
|b illustrations ;
|c 25 cm.
|
| 336 |
|
|
|a text
|b txt
|2 rdacontent
|
| 337 |
|
|
|a unmediated
|b n
|2 rdamedia
|
| 338 |
|
|
|a volume
|b nc
|2 rdacarrier
|
| 504 |
|
|
|a Includes bibliographies and index.
|
| 650 |
|
0 |
|a Finite element method.
|
| 999 |
|
|
|a MARS
|
| 999 |
f |
f |
|s 12fae028-6751-3a63-81af-5e62f85776af
|i 7e5661d6-2b5b-3770-bbd9-73212bf4ec1b
|t 0
|
| 952 |
f |
f |
|p normal
|a Texas A&M University
|b College Station
|c Sterling C. Evans Library
|d Evans: Library Stacks
|t 0
|e TA347.F5 B87 1987
|h Library of Congress classification
|i unmediated -- volume
|m A14811057863
|
| 998 |
f |
f |
|a TA347.F5 B87 1987
|t 0
|l Evans: Library Stacks
|